|
|
|
|
| LEADER |
01114nam a2200253 a 4500 |
| 001 |
12041832 |
| 008 |
090716s2001 nyua b 000 0 eng d |
| 010 |
|
|
|a \\\00056149
|
| 020 |
|
|
|a 0815324715 (alk. paper)
|
| 040 |
|
|
|a DLC
|c DLC
|d C#P
|d VFY
|d OCL
|d DLC
|
| 082 |
0 |
0 |
|a 822.3/3
|2 21
|
| 245 |
0 |
4 |
|a The tempest :
|b critical essays /
|c edited by Patrick M. Murphy.
|
| 260 |
|
|
|a New York :
|b Routledge,
|c 2001.
|
| 300 |
|
|
|a xiv, 586 p. :
|b ill. ;
|c 24 cm.
|
| 504 |
|
|
|a Includes bibliographical references.
|
| 504 |
|
|
|a ncludes bibliographical references.
|
| 490 |
|
0 |
|a Shakespeare criticism
|
| 505 |
2 |
|
|a Pt. I. The Tempest and the critical legacy -- pt. II. The Tempest and the critics -- pt. III. Performances of The Tempest -- pt. IV. New essays on The Tempest.
|
| 541 |
1 |
|
|e 00014463
|
| 600 |
1 |
0 |
|a Shakespeare, William,
|d 1564-1616.
|t Tempest.
|
| 700 |
1 |
|
|a Murphy, Patrick M.,
|d 1955-
|
| 852 |
4 |
|
|a Ayesha Abed Library
|j General shelf
|
| 999 |
|
|
|c 2747
|d 2747
|
| 952 |
|
|
|0 0
|1 0
|2 ddc
|4 0
|6 822_330000000000000_TEM_2001
|7 0
|9 10609
|a BRACUL
|b BRACUL
|c GEN
|d 2010-06-01
|l 4
|m 29
|o 822.33 TEM
|p 3010014463
|r 2025-12-24
|s 2025-11-09
|t 1
|w 2010-06-01
|y BK
|